000 00716cam a22002413a 4500
001 25883
003 PGUSA
005 20140828083545.0
008 080623s2008||||xxu|||||s|||||000 | eng d
040 _aPGUSA
_beng
042 _adc
050 4 _aPZ
100 1 _aDenslow, W. W.
_q(William Wallace),
_d1856-1915
245 1 0 _aDenslow's Humpty Dumpty
_h[electronic resource] /
_cW. W. Denslow
260 _bProject Gutenberg,
_c2008
506 _aPublic domain in the USA.
516 _aElectronic text
653 _aChildren's stories, American
653 _aPicture books for children -- United States
830 0 _aProject Gutenberg
_v25883
856 4 0 _uhttp://www.gutenberg.org/ebooks/25883
942 _cEB
999 _c255138
_d255138